| 000 | 00524nam a2200181Ia 4500 | ||
|---|---|---|---|
| 008 | 230917s9999||||xx |||||||||||||| ||und|| | ||
| 020 | _cRS650 | ||
| 040 |
_e228846 _aMAIN |
||
| 041 | _aEnglish | ||
| 082 | _a658.406 S23C(2) | ||
| 100 | _aSharma, Radha R | ||
| 245 | 0 | _aChange management and organizational transformation | |
| 250 | _a2nd ed. | ||
| 260 |
_aNew Delhi _bTata McGraw Hill Education _c2012 |
||
| 300 | _axix, 298 p. | ||
| 500 | _a2164 12/10/2015 HBD15/1040 19/11/2015 IMSAR (Dev. & Research) | ||
| 942 | _cBK | ||
| 999 |
_c16464 _d16464 |
||